| 000 | 00706cam a2200229 a 4500 | ||
|---|---|---|---|
| 001 | 3395355 | ||
| 005 | 20240318075915.0 | ||
| 008 | 881007s1986 ce b 100 0 eng | ||
| 020 | _a9555920001 | ||
| 040 |
_aDLC _cDLC _dDLC |
||
| 082 | 0 | 0 |
_a323.4 _220 _bTHE. |
| 245 | 0 | 4 | _aThe Role of the law enforcement officer in the protection of human rights. |
| 250 | _a1st ed. | ||
| 260 |
_aColombo, Sri Lanka : _bSri Lanka Foundation, _c1986. |
||
| 300 | _a223 p. ; | ||
| 490 | 1 | _aMonograph series ; | |
| 500 | _aPapers presented at a conference organized by Sri Lanka Foundation, from 13th to 21st February 1984. | ||
| 650 | 0 | _aCriminal procedure | |
| 650 | 0 | _aCivil rights | |
| 650 | 0 | _aPolice | |
| 942 | _cL | ||
| 999 |
_c580 _d580 |
||